Neuroanatomía funcional

Guardat en:
Dades bibliogràfiques
Autor principal: Bustamante B., Jairo
Format: Llibre
Idioma:espanyol
Publicat: Bogotá Fondo Educativo Interamericano 1978
Matèries:
Etiquetes: Afegir etiqueta
Sense etiquetes, Sigues el primer a etiquetar aquest registre!

MARC

LEADER 00000nam a2200000 a 4500
001 UCT0825
003 CL-VaPUC
005 20240821103501.0
008 960906e19780000CK |||||||||||||||||spa|d
999 |c 251526  |d 251524 
040 |c Pontificia Universidad Católica de Valparaíso 
082 0 4 |a 611.8 BUS 1978  |2 21 
100 0 |a Bustamante B., Jairo  |9 369350 
245 1 0 |a Neuroanatomía funcional 
260 |a Bogotá  |b Fondo Educativo Interamericano  |c 1978 
300 |a 314 páginas 
583 |a last modification  |c 19960906 00:00:00  |k Rodrigo Vera 
650 0 |a Neuroanatomía  |9 269717 
650 0 |a Sistema nervioso  |9 266815 
650 0 |a Fisiología humana   |9 269557 
650 0 |a Neuronas  |9 369351 
650 0 |a Músculos  |9 269552 
650 0 |a Médula espinal  |9 369352 
650 0 |a Cerebro   |9 307262 
650 0 |a Cerebelo  |9 343853 
650 0 |a Sentidos  |9 266023 
650 0 |a Visión  |9 269056 
650 0 |a Audición  |9 269632 
650 0 |a Olfato  |9 334604 
650 0 |a Gusto   |9 369353 
942 |c BK  |2 ddc 
945 |d 19960906 00:00:00  |a rleighto 
952 |0 0  |1 0  |2 ddc  |4 0  |6 611_800000000000000_BUS_1978  |7 0  |8 A  |9 270748  |a BIBCUR  |b BIBCUR  |d 2019-11-19  |i 3228703  |l 1  |o 611.8 BUS 1978  |p 3228703  |r 2025-04-22  |s 2023-08-21  |t 2  |w 2019-11-19  |y BK  |k BCB 
952 |0 0  |1 0  |2 ddc  |4 0  |6 611_800000000000000_BUS_1978  |7 0  |8 A  |9 270749  |a BIBCUR  |b BIBCUR  |d 2019-11-19  |i 3229742  |o 611.8 BUS 1978  |p 3229742  |r 2025-04-22  |t 3  |w 2019-11-19  |y BK  |k BCB 
952 |0 0  |1 0  |2 ddc  |4 0  |6 611_800000000000000_BUS_1978  |7 0  |8 A  |9 270750  |a BIBCUR  |b BIBCUR  |d 2019-11-19  |i 3231259  |l 1  |m 2  |o 611.8 BUS 1978  |p 3231259  |r 2025-04-22  |s 2024-08-12  |t 4  |w 2019-11-19  |y BK  |k BCB